00681nam a22001937a 4500003000400000005001700004008004100021020001500062040002900077050002300106100004900129245004200178260004100220300001000261650002000271942001500291952016400306999001700470OSt20250723171852.0250723b |||||||| |||| 00| 0 eng d a0131808583 cChuka university library aQA 154.2 .A44 2004 aBellman, Allan E. Bragg, Sadie Chavis920451 a Prentice hall mathematics ;Algebra 2 aNew JerseybDorling Kindersleyc2004 a999P. a1.Algebra99488 2lcccBKn0 00102lcc40708LGLaCHKbCHGcGENd2025-07-23eDonation from prof Humphrey Kirimil0oQA 154.2 . A44 2004p27425/2025r2025-07-23 17:23:06t1w2025-07-23yBK c19930d19930